[Event "1st 4NCL Spring Bank Holiday Congress"]
[Site "Basingstoke"]
[Date "2018.05.27"]
[Round "4"]
[Board "11"]
[White "Alizada, Eldar A"]
[Black "Merriman, James"]
[Result "1-0"]
[WhiteElo "1995"]
[BlackElo "1690"]
[PlyCount "107"]
[EventDate "2018.05.25"]
[EventRounds "7"]
[EventCountry "ENG"]

1. d4 Nf6 2. Nc3 d5 3. Bg5 Bf5 4. e3 e6 5. Bd3 Bxd3 6. Qxd3 c6 7. f3 Be7 8. e4
dxe4 9. fxe4 c5 10. Bxf6 Bxf6 11. dxc5 O-O 12. O-O-O Qa5 13. Nge2 Rd8 14. Qb5
Nc6 15. Qxa5 Nxa5 16. Rd3 Bg5+ 17. Kb1 Nc4 18. b3 Ne5 19. Rxd8+ Rxd8 20. Rd1 a5
21. Rxd8+ Bxd8 22. a3 Be7 23. b4 Nc4 24. Ka2 Ne3 25. g3 axb4 26. axb4 Nxc2 27.
Kb3 Ne3 28. Ka4 Kf8 29. Kb5 Bd8 30. c6 bxc6+ 31. Kxc6 Ke7 32. b5 Nc4 33. Kb7
Kd7 34. Ka6 Nb6 35. Nd4 Bf6 36. Nde2 Kc7 37. Ka5 Kb7 38. Na4 Nxa4 39. Kxa4 Kb6
40. Kb4 h5 41. h3 h4 42. gxh4 Bxh4 43. Nd4 Bf2 44. Nf3 f5 45. e5 Bg3 46. h4 f4
47. h5 Bf2 48. Kc4 Bg3 49. Nd4 Bh4 50. Kd3 Bg3 51. Ke4 Ka5 52. Kf3 Kb6 53. Nxe6
Kxb5 54. Nxg7 1-0

[Event "1st 4NCL Spring Bank Holiday Congress"]
[Site "Basingstoke"]
[Date "2018.05.27"]
[Round "4"]
[Board "12"]
[White "Jamroz, Viktor"]
[Black "Orsagova, Erika"]
[Result "1/2-1/2"]
[WhiteElo "1757"]
[BlackElo "2040"]
[PlyCount "39"]
[EventDate "2018.05.25"]
[EventRounds "7"]
[EventCountry "ENG"]

1. e4 c5 2. Nf3 e6 3. c3 Qc7 4. d4 Nf6 5. Bd3 Nc6 6. O-O d6 7. a3 Be7 8. b4 a6
9. h3 O-O 10. Be3 b6 11. Qc2 e5 12. d5 Na7 13. Nbd2 Bb7 14. a4 Nd7 15. b5 axb5
16. axb5 f5 17. exf5 Bxd5 18. c4 Bb7 19. Ng5 Bxg5 20. Bxg5 1/2-1/2

[Event "1st 4NCL Spring Bank Holiday Congress"]
[Site "Basingstoke"]
[Date "2018.05.27"]
[Round "4"]
[Board "13"]
[White "Burrows, Nick"]
[Black "Somton, Anita"]
[Result "1/2-1/2"]
[WhiteElo "1933"]
[BlackElo "1803"]
[PlyCount "72"]
[EventDate "2018.05.25"]
[EventRounds "7"]
[EventCountry "ENG"]

1. c4 Nf6 2. Nc3 d6 3. d4 c6 4. Nf3 Nbd7 5. g3 e5 6. e4 Be7 7. Bg2 O-O 8. O-O
a6 9. a4 a5 10. h3 Re8 11. Be3 Bf8 12. Qc2 exd4 13. Nxd4 Nc5 14. Rfe1 Bd7 15.
Rad1 g6 16. Kh2 Qc8 17. f4 Ne6 {(=)} 18. Nb3 Ra6 19. Bf1 c5 20. Bg2 Nc7 21. Bf2
Be6 22. Nd2 Bh6 23. Nd5 Ncxd5 24. cxd5 Bd7 25. Nc4 b5 26. axb5 Bxb5 27. Nxd6
Rxd6 28. e5 Ra6 29. exf6 Rxe1 30. Rxe1 Bf8 31. Rc1 Ra7 32. Qc3 Bd6 33. Re1 a4
34. h4 Rc7 35. h5 Qf5 36. hxg6 hxg6 1/2-1/2

[Event "1st 4NCL Spring Bank Holiday Congress"]
[Site "Basingstoke"]
[Date "2018.05.27"]
[Round "4"]
[Board "14"]
[White "Davidson, Laura J"]
[Black "Slinger, AJ (Tony)"]
[Result "1/2-1/2"]
[WhiteElo "1632"]
[BlackElo "1875"]
[PlyCount "63"]
[EventDate "2018.05.25"]
[EventRounds "7"]
[EventCountry "ENG"]

1. d4 d5 2. Nf3 Nf6 3. Bg5 Nbd7 4. e3 h6 5. Bxf6 Nxf6 6. Bd3 e6 7. Nbd2 c5 8.
c3 Bd7 9. O-O Bd6 10. Re1 Bc6 11. Qe2 Ne4 12. Rac1 O-O 13. dxc5 Nxc5 14. Bc2 f5
15. Nb3 Ne4 16. Bb1 Rc8 17. c4 dxc4 18. Rxc4 Bd5 19. Rxc8 Qxc8 20. Rc1 Qd8 21.
Nbd4 a6 22. Nc2 Qc7 23. Rd1 Bc4 24. Qe1 Qb6 25. Nd2 Bd5 26. Nxe4 fxe4 27. Qc3
a5 28. Qd4 Bc5 29. Qc3 Be7 30. Qd4 Qxd4 31. Nxd4 Rc8 32. h3 1/2-1/2

[Event "1st 4NCL Spring Bank Holiday Congress"]
[Site "Basingstoke"]
[Date "2018.05.27"]
[Round "4"]
[Board "15"]
[White "Metcalfe, Charlie P"]
[Black "Gardiner, Eric D"]
[Result "1/2-1/2"]
[WhiteElo "1696"]
[BlackElo "1982"]
[PlyCount "61"]
[EventDate "2018.05.25"]
[EventRounds "7"]
[EventCountry "ENG"]

1. d4 d5 2. Nf3 Nf6 3. c4 dxc4 4. e3 e6 5. Bxc4 a6 6. Nc3 c5 7. O-O b5 8. Bb3
Bb7 9. dxc5 Qc7 10. Qe2 Nbd7 11. Rd1 Bxc5 12. Bd2 O-O 13. Rac1 Rac8 14. Be1 Ne5
15. Nxe5 Qxe5 16. Bc2 Qg5 17. e4 Ng4 18. h3 Ne5 19. Bd2 Qe7 20. Bb3 Rfd8 21.
Bf4 Nc6 22. Be3 Nd4 23. Bxd4 Bxd4 24. Rc2 Bb6 25. Rcd2 Rxd2 26. Qxd2 Rd8 27.
Qf4 Rxd1+ 28. Bxd1 Bc7 29. Qe3 Qd6 30. Bf3 Bb6 31. Qe2 1/2-1/2

[Event "1st 4NCL Spring Bank Holiday Congress"]
[Site "Basingstoke"]
[Date "2018.05.27"]
[Round "4"]
[Board "16"]
[White "Davis, Timothy J"]
[Black "Di-Vetta, Andrew"]
[Result "1-0"]
[WhiteElo "1845"]
[BlackElo "1684"]
[PlyCount "85"]
[EventDate "2018.05.25"]
[EventRounds "7"]
[EventCountry "ENG"]

1. d4 Nf6 2. c4 e6 3. Nf3 b6 4. a3 Bb7 5. Nc3 Be7 6. Qc2 d5 7. cxd5 exd5 8. Bf4
c6 9. e3 O-O 10. Bd3 Nbd7 11. h3 h6 12. g4 g5 13. Bg3 Kg7 14. Ne5 Rh8 15. Qa4
Nxe5 16. Bxe5 Bd6 17. f4 gxf4 18. exf4 Bxe5 19. fxe5 Ne4 20. Nxe4 dxe4 21. Bxe4
Qh4+ 22. Ke2 Rhd8 23. Rad1 Qg3 24. Bxc6 Bxc6 25. Qxc6 Rac8 26. Qf3 Rc2+ 27. Ke3
Qh4 28. Rhf1 Qg5+ 29. Qf4 Qxf4+ 30. Kxf4 Rxb2 31. d5 Rb3 32. Rf3 Rb5 33. d6 Rc5
34. Rdd3 Rc4+ 35. Kf5 Rc5 36. Rc3 Rd5 37. Rfd3 Rb5 38. d7 Rc5 39. Rxc5 bxc5 40.
e6 Kf8 41. Kf6 fxe6 42. Kxe6 c4 43. Rf3+ 1-0

[Event "1st 4NCL Spring Bank Holiday Congress"]
[Site "Basingstoke"]
[Date "2018.05.27"]
[Round "5"]
[Board "1"]
[White "Jaufarally, Nadia"]
[Black "Nandi, Robin J"]
[Result "1-0"]
[WhiteElo "1853"]
[BlackElo "1860"]
[PlyCount "69"]
[EventDate "2018.05.25"]
[EventRounds "7"]
[EventCountry "ENG"]

1. e4 e5 2. Nf3 Nc6 3. Bc4 Bc5 4. O-O Nf6 5. d3 O-O 6. c3 d6 7. Bb3 h6 8. Nbd2
a6 9. h3 Ba7 10. Re1 Re8 11. Nf1 Be6 12. Bc2 Qd7 13. d4 exd4 14. cxd4 d5 15. e5
Ne4 16. a3 Bf5 17. Be3 Nd8 18. Nh4 Bh7 19. f3 Ng5 20. Nh2 Bxc2 21. Qxc2 Nde6
22. Rad1 a5 23. Nf5 Qc6 24. Qd2 Nf8 25. Bxg5 hxg5 26. Qxg5 Ng6 27. h4 Qc2 28.
Rd2 Qxd2 29. Qxd2 Rxe5 30. Rxe5 Nxe5 31. Kh1 Nc6 32. Ng4 Re8 33. Nf6+ gxf6 34.
Qh6 Re1+ 35. Kh2 1-0

[Event "1st 4NCL Spring Bank Holiday Congress"]
[Site "Basingstoke"]
[Date "2018.05.27"]
[Round "5"]
[Board "2"]
[White "Golding, James"]
[Black "Cherupalli, Ramprasad"]
[Result "1/2-1/2"]
[WhiteElo "2025"]
[BlackElo "1827"]
[PlyCount "41"]
[EventDate "2018.05.25"]
[EventRounds "7"]
[EventCountry "ENG"]

1. d4 d5 2. c4 c6 3. Nf3 Nf6 4. Nc3 dxc4 5. a4 Bf5 6. e3 e6 7. Bxc4 Bb4 8. O-O
Nbd7 9. Qe2 Bg6 10. Rd1 Qe7 11. Bd2 O-O 12. Nb1 Bxd2 13. Nbxd2 e5 14. dxe5 Nxe5
15. Nxe5 Qxe5 16. Nf3 Qe7 17. Rd4 Rad8 18. Rad1 Rxd4 19. Rxd4 Be4 20. Qd1 h6
21. h3 1/2-1/2

[Event "1st 4NCL Spring Bank Holiday Congress"]
[Site "Basingstoke"]
[Date "2018.05.27"]
[Round "5"]
[Board "3"]
[White "McDonnell, James J"]
[Black "Tart, Peter K"]
[Result "1/2-1/2"]
[WhiteElo "1833"]
[BlackElo "1939"]
[PlyCount "91"]
[EventDate "2018.05.25"]
[EventRounds "7"]
[EventCountry "ENG"]

1. e4 e5 2. Nf3 Nf6 3. d4 Nxe4 4. Bd3 d5 5. Nxe5 Bd6 6. Nf3 O-O 7. O-O Bg4 8.
h3 Bh5 9. c4 Qf6 10. cxd5 Bxf3 11. Qxf3 Qxf3 12. gxf3 Nf6 13. Nc3 Nbd7 14. Nb5
Nxd5 15. Nxd6 cxd6 16. Be4 N7f6 17. Bg5 Nxe4 18. fxe4 f6 19. Bd2 Nb6 20. Bb4
Rfe8 21. Rfe1 d5 22. f3 Rad8 23. Rad1 Kf7 24. b3 Rc8 25. Rd2 dxe4 26. fxe4 Nd5
27. Bd6 Rc3 28. Rde2 Re6 29. exd5 Rxd6 30. Re7+ Kg6 31. Rxb7 Rxd5 32. Ree7 Rxd4
33. Rxg7+ Kf5 34. Kh2 Rh4 35. Rxa7 Rcxh3+ 36. Kg2 Rh2+ 37. Kg1 h5 38. Ra5+ Kf4
39. Ra4+ Kf3 40. Rxh4 Rxh4 41. Rc7 f5 42. Rc3+ Ke2 43. Rc2+ Kd3 44. Rc8 Ke2 45.
Rc2+ Kd3 46. Rc8 1/2-1/2

[Event "1st 4NCL Spring Bank Holiday Congress"]
[Site "Basingstoke"]
[Date "2018.05.27"]
[Round "5"]
[Board "4"]
[White "Royal, Shreyas"]
[Black "Nelson, Omowale A"]
[Result "1/2-1/2"]
[WhiteElo "1812"]
[BlackElo "1976"]
[PlyCount "46"]
[EventDate "2018.05.25"]
[EventRounds "7"]
[EventCountry "ENG"]

1. d4 d5 2. Nf3 Nf6 3. c4 dxc4 4. e3 Bg4 5. Bxc4 e6 6. Nc3 a6 7. O-O Nc6 8. Be2
Bd6 9. b3 O-O 10. Bb2 Qe7 11. Ne5 Bxe2 12. Nxc6 Bxd1 13. Nxe7+ Bxe7 14. Rfxd1
Rfd8 15. Rac1 Rac8 16. Na4 Nd7 17. Nc3 f6 18. Ne4 Kf7 19. Rc2 f5 20. Nd2 g5 21.
Rdc1 c6 22. Nc4 Nf6 23. Ne5+ Ke8 1/2-1/2

[Event "1st 4NCL Spring Bank Holiday Congress"]
[Site "Basingstoke"]
[Date "2018.05.27"]
[Round "5"]
[Board "5"]
[White "Gregory, Keith DF"]
[Black "Aubury, Ben"]
[Result "1-0"]
[WhiteElo "1975"]
[BlackElo "1516"]
[PlyCount "145"]
[EventDate "2018.05.25"]
[EventRounds "7"]
[EventCountry "ENG"]

1. Nf3 Nf6 2. c4 g6 3. Nc3 Bg7 4. g3 O-O 5. Bg2 d6 6. O-O Nc6 7. Rb1 e5 8. d3
Bg4 9. b4 Qc8 10. Re1 Bh3 11. Bh1 Nh5 12. Nd5 Re8 13. Ng5 Bd7 14. a4 h6 15. Ne4
f5 16. Nec3 Nd4 17. b5 f4 18. a5 fxg3 19. hxg3 Bh3 20. Ne4 b6 21. Kh2 Kh7 22.
Nxc7 Qxc7 23. Kxh3 Rf8 24. Kg2 bxa5 25. Kg1 Qf7 26. e3 Ne6 27. Qe2 Rad8 28. Ba3
Qc7 29. Bg2 Nf6 30. Nc3 Rfe8 {(=)} 31. Rec1 Nc5 32. Qc2 h5 33. Bxc5 dxc5 34.
Ne4 Nxe4 35. Bxe4 Qb6 36. Kg2 Rd6 37. Rh1 Kg8 38. Ra1 a6 39. Rhb1 Qc7 40. Qa4
Rb8 41. Qxa5 Qxa5 42. Rxa5 Rdb6 43. bxa6 Rxb1 44. a7 Rc8 45. Bxg6 Rb7 46. a8=Q
Rxa8 47. Rxa8+ Bf8 48. Re8 Re7 49. Rxe7 Bxe7 50. Bxh5 Kg7 51. Kf3 Kf6 52. Ke4
Bd6 53. Bg4 Be7 54. Bc8 Bd6 55. Kd5 Ke7 56. Bh3 Bb8 57. Bf5 Kf6 58. g4 Ba7 59.
Bc8 Bb6 60. Bd7 Ba5 61. Kxc5 Be1 62. Kd5 Bxf2 63. d4 Ke7 64. Bf5 Bxe3 65. Kxe5
Kd8 66. Ke4 Bg1 67. Kd5 Bh2 68. g5 Ke7 69. Kc6 Bf4 70. g6 Kf6 71. Bb1 Bh6 72.
Kd7 Bg7 73. c5 1-0

[Event "1st 4NCL Spring Bank Holiday Congress"]
[Site "Basingstoke"]
[Date "2018.05.27"]
[Round "5"]
[Board "6"]
[White "Sagues, Vincent"]
[Black "Faulkner, Martin J"]
[Result "1-0"]
[WhiteElo "1907"]
[BlackElo "1798"]
[PlyCount "131"]
[EventDate "2018.05.25"]
[EventRounds "7"]
[EventCountry "ENG"]

1. e4 c5 2. Nf3 e6 3. d4 cxd4 4. Nxd4 a6 5. Bd3 Bc5 6. Nb3 Be7 7. O-O Nf6 8. e5
Nd5 9. Be4 Nc7 10. Qg4 g6 11. Bh6 Bf8 12. Bxf8 Kxf8 13. Qf4 Kg7 14. Nc3 Nc6 15.
Rad1 Qe7 16. Bxc6 bxc6 17. Ne4 Ne8 18. Nbc5 Rb8 19. b3 Rb5 20. Qe3 Rf8 21. c4
Rb8 22. Qc3 Kg8 23. Qd4 f5 24. exf6 Nxf6 25. Nxf6+ Qxf6 26. Qxf6 Rxf6 27. Nxd7
Bxd7 28. Rxd7 e5 29. Re1 Re8 30. f3 Ree6 31. Re4 Rf7 32. Rxf7 Kxf7 33. Kf2 c5
34. Re2 Kf6 35. Rd2 h5 36. Rd5 Rc6 37. Ke3 a5 38. Ke4 a4 39. Kd3 axb3 40. axb3
g5 41. h3 h4 42. Kc3 Kf5 43. b4 cxb4+ 44. Kxb4 Rb6+ 45. Kc3 Kf4 46. Rd2 Ra6 47.
Re2 Ra1 48. Re4+ Kf5 49. c5 Ra2 50. Rg4 Ra1 51. Kb4 Rb1+ 52. Kc4 Rc1+ 53. Kb5
Ke6 54. Rc4 Rb1+ 55. Kc6 Rb2 56. Rg4 Re2 57. Rxg5 e4 58. fxe4 Rxe4 59. Rg4 Re2
60. Rxh4 Rxg2 61. Re4+ Kf6 62. Re3 Rg6 63. Kb7 Rg7+ 64. Kb6 Rg1 65. c6 Rb1+ 66.
Kc7 1-0

[Event "1st 4NCL Spring Bank Holiday Congress"]
[Site "Basingstoke"]
[Date "2018.05.27"]
[Round "5"]
[Board "7"]
[White "Cooper, Malcolm H"]
[Black "Stevenson, James AB"]
[Result "1/2-1/2"]
[WhiteElo "1840"]
[BlackElo "2049"]
[PlyCount "76"]
[EventDate "2018.05.25"]
[EventRounds "7"]
[EventCountry "ENG"]

1. e4 c5 2. Nf3 d6 3. d4 cxd4 4. Nxd4 Nf6 5. Nc3 a6 6. Be2 e6 7. Be3 Qc7 8. O-O
b5 9. a3 Bb7 10. Qd3 Nbd7 11. f3 Be7 12. Rad1 Ne5 13. Qd2 O-O 14. Bd3 Rfd8 15.
Qf2 Nc4 16. Bxc4 Qxc4 17. Nb3 Nd7 18. Na5 Qc7 19. Nxb7 Qxb7 20. Kh1 Ne5 21. Bd4
Rac8 22. Bxe5 dxe5 23. Qe2 h6 24. Rxd8+ Rxd8 25. Rd1 Rd4 26. Nb1 Qd7 27. Rd3
Bg5 28. Nc3 Qd6 29. Nd1 g6 30. Nf2 h5 31. Kg1 Bd8 32. Kf1 Bb6 33. Ke1 Qc5 34.
h3 Kg7 35. c3 Rd8 36. Rxd8 Bxd8 37. Nd3 Qd6 38. Kd1 Be7 1/2-1/2

[Event "1st 4NCL Spring Bank Holiday Congress"]
[Site "Basingstoke"]
[Date "2018.05.27"]
[Round "5"]
[Board "8"]
[White "Stephenson, David W"]
[Black "Alizada, Eldar A"]
[Result "0-1"]
[WhiteElo "1793"]
[BlackElo "1995"]
[PlyCount "92"]
[EventDate "2018.05.25"]
[EventRounds "7"]
[EventCountry "ENG"]

1. d4 d5 2. Nc3 Nf6 3. e4 dxe4 4. f3 exf3 5. Nxf3 e6 6. Bg5 Be7 7. Qd2 O-O 8.
O-O-O b6 9. Bd3 Bb7 10. Qf4 Nbd7 11. Qh4 Re8 12. Kb1 Nf8 13. Rhf1 Nd5 14. Ne4
Bxg5 15. Nfxg5 f5 16. Qh5 Ne3 17. Qf7+ Kh8 18. Rf3 Bxe4 19. Qh5 Bxf3 20. Nf7+
Kg8 21. Qxf3 Kxf7 22. Qxe3 Qf6 23. g4 g6 24. Bc4 Kg7 25. g5 Qe7 26. Qe5+ Kg8
27. h4 Rad8 28. Bb5 Rd5 29. Qe2 Red8 30. c3 c5 31. Bc4 R5d6 32. d5 Qf7 33. h5
exd5 34. Bb3 c4 35. Bc2 d4 36. cxd4 Rxd4 37. Rg1 Qe6 38. Qf3 Rd2 39. hxg6 hxg6
40. Qc3 Nh7 41. Rh1 R8d7 42. a3 Qe2 43. Ba4 Qe4+ 44. Ka2 Qxh1 45. Qe3 Qe4 46.
Qg3 Qd4 0-1

[Event "1st 4NCL Spring Bank Holiday Congress"]
[Site "Basingstoke"]
[Date "2018.05.27"]
[Round "5"]
[Board "9"]
[White "Archer-Lock, Christopher J"]
[Black "Bennett, Dominic L"]
[Result "1-0"]
[WhiteElo "2043"]
[BlackElo "1951"]
[PlyCount "70"]
[EventDate "2018.05.25"]
[EventRounds "7"]
[EventCountry "ENG"]

1. d4 Nf6 2. Bf4 a6 3. Nd2 g6 4. e4 d6 5. h3 Nbd7 6. Ngf3 Bg7 7. Bd3 O-O 8. O-O
Nh5 9. Bg5 h6 10. Be3 e5 11. dxe5 dxe5 12. Nb3 Nf4 13. Qd2 Qf6 14. Kh2 g5 15.
Ne1 Qg6 16. f3 Bf6 17. Qc3 Re8 18. Qxc7 Nf8 19. Rf2 Nxd3 20. Nxd3 h5 21. Qb6
Re6 22. Qb4 g4 23. fxg4 hxg4 24. hxg4 Qh7+ 25. Kg1 Be7 26. Qc4 b5 27. Qd5 Rb8
28. Nbc5 Ng6 29. Raf1 Nf4 30. Bxf4 exf4 31. Nxe6 Bxe6 32. Qe5 Rf8 33. Nxf4 Bc4
34. Qxe7 Bxf1 35. Rxf1 Qh2+ 1-0

[Event "1st 4NCL Spring Bank Holiday Congress"]
[Site "Basingstoke"]
[Date "2018.05.27"]
[Round "5"]
[Board "10"]
[White "Merriman, James"]
[Black "Rizvi, Nasir"]
[Result "0-1"]
[WhiteElo "1690"]
[BlackElo "2045"]
[PlyCount "60"]
[EventDate "2018.05.25"]
[EventRounds "7"]
[EventCountry "ENG"]

1. d4 d6 2. c4 Nf6 3. Nc3 g6 4. e4 Bg7 5. Nge2 c5 6. d5 b5 7. cxb5 a6 8. Ng3
O-O 9. bxa6 Nbd7 10. Be2 Bxa6 11. O-O Qb6 12. Bxa6 Qxa6 13. a4 Rfb8 14. Ra3 Rb4
15. Nb5 Ne8 16. b3 c4 17. Nd4 {(=)} Bxd4 18. Qxd4 Rxb3 19. Rxb3 cxb3 20. Bb2 f6
21. Ra1 Nc5 22. Qc3 Qa5 23. Qe3 Qb4 24. Bc3 Rxa4 25. Rxa4 Qxa4 26. e5 fxe5 27.
Bxe5 dxe5 28. Qxc5 b2 29. Qxe7 b1=Q+ 30. Nf1 Qxf1+ 0-1

[Event "1st 4NCL Spring Bank Holiday Congress"]
[Site "Basingstoke"]
[Date "2018.05.27"]
[Round "5"]
[Board "11"]
[White "Orsagova, Erika"]
[Black "Davis, Timothy J"]
[Result "1/2-1/2"]
[WhiteElo "2040"]
[BlackElo "1845"]
[PlyCount "147"]
[EventDate "2018.05.25"]
[EventRounds "7"]
[EventCountry "ENG"]

1. e4 d5 2. exd5 Qxd5 3. Nc3 Qa5 4. d4 Nf6 5. Nf3 c6 6. Bd3 Bg4 7. h3 Bh5 8. g4
Bg6 9. Ne5 Ne4 10. Bd2 Nxd2 11. Bxg6 hxg6 12. Qxd2 Nd7 13. O-O-O e6 14. Qf4
Nxe5 15. dxe5 Bb4 16. Nb1 Be7 17. a3 g5 18. Qe4 Rd8 19. Rxd8+ {(=)} Bxd8 20.
Nd2 Qd5 21. Qxd5 cxd5 22. Nf3 a6 23. Kd2 f6 24. exf6 gxf6 25. Nd4 Kd7 26. Kd3
Bb6 27. f3 Bxd4 28. Kxd4 Kd6 29. c3 f5 30. gxf5 Rh4+ 31. Ke3 exf5 32. Rg1 f4+
33. Kd4 Rxh3 34. Rxg5 Rxf3 35. Rg6+ Kc7 36. Kxd5 Rf2 37. b3 Rb2 38. b4 f3 39.
Rf6 f2 40. a4 Kd7 41. Rf7+ Ke8 42. Rf3 Ke7 43. a5 Rd2+ 44. Ke5 Rc2 45. Kd5 Kd7
46. Rf7+ {(=)} Kc8 47. Rf3 b6 48. axb6 Kb7 49. Rf6 Rxc3 50. Rxf2 Kxb6 51. Rb2
Kb5 52. Ra2 Rd3+ 53. Ke4 Rd6 54. Rb2 Kc4 55. Ke5 Rb6 56. Ke4 Rxb4 57. Rh2 Kb3+
58. Kd3 Rb8 59. Kd2 Rc8 60. Kd1 a5 61. Rh5 a4 62. Rb5+ Ka2 63. Kd2 a3 64. Rb4
Ka1 65. Ra4 Kb2 66. Rb4+ Ka2 67. Rb5 Ka1 68. Ra5 a2 69. Rb5 Rh8 70. Kc1 Rh1+
71. Kc2 Rb1 72. Ra5 Rb2+ 73. Kc1 Rb4 74. Rc5 1/2-1/2

[Event "1st 4NCL Spring Bank Holiday Congress"]
[Site "Basingstoke"]
[Date "2018.05.27"]
[Round "5"]
[Board "12"]
[White "Shepley, Julien M"]
[Black "Metcalfe, Charlie P"]
[Result "1/2-1/2"]
[WhiteElo "1986"]
[BlackElo "1696"]
[PlyCount "83"]
[EventDate "2018.05.25"]
[EventRounds "7"]
[EventCountry "ENG"]

1. e4 e6 2. d4 d5 3. Nd2 dxe4 4. Nxe4 Nd7 5. Nf3 Ngf6 6. Nxf6+ Nxf6 7. Bd3 c5
8. dxc5 Bxc5 9. O-O O-O 10. c3 b6 11. b4 Be7 12. Qc2 Bb7 13. Rd1 Qc7 14. Ng5 h6
15. Ne4 Nxe4 16. Bxe4 Bxe4 17. Qxe4 Qxc3 18. Bd2 Qb2 19. Qg4 Kh8 20. a3 Bf6 21.
Qh3 Rac8 22. Rab1 Qc2 23. Bxh6 Rc3 24. Be3+ Kg8 25. Rbc1 Qa4 26. Qg4 Rfc8 27.
Rxc3 Rxc3 28. Bc1 Qc2 29. g3 Rb3 30. Rf1 Rb1 31. Bg5 Rxf1+ 32. Kxf1 Qg6 33. h4
Qd3+ 34. Kg2 Bxg5 35. hxg5 Qxa3 36. g6 Qd3 37. gxf7+ Kxf7 38. Qf4+ Ke7 39. Qg5+
Kf7 40. Qf4+ Kg6 41. Qg4+ Kf6 42. Qh4+ 1/2-1/2

[Event "1st 4NCL Spring Bank Holiday Congress"]
[Site "Basingstoke"]
[Date "2018.05.27"]
[Round "5"]
[Board "13"]
[White "De Coverly, Roger D"]
[Black "Davidson, Laura J"]
[Result "1/2-1/2"]
[WhiteElo "1943"]
[BlackElo "1632"]
[PlyCount "59"]
[EventDate "2018.05.25"]
[EventRounds "7"]
[EventCountry "ENG"]

1. e4 e5 2. Nf3 Nc6 3. Bb5 a6 4. Ba4 Nf6 5. O-O b5 6. Bb3 Bc5 7. Nxe5 Nxe5 8.
d4 Bxd4 9. Qxd4 d6 10. f4 Ng6 11. e5 dxe5 12. Qxd8+ Kxd8 13. fxe5 Nxe5 14. Bg5
Bb7 15. a4 b4 16. Nd2 a5 17. Rad1 Kc8 18. Nc4 Nxc4 19. Bxc4 Ba6 20. Bxa6+ Rxa6
21. Bxf6 gxf6 {(=)} 22. Rf5 Re8 23. Kf2 Rd8 24. Rxd8+ Kxd8 25. Rh5 Rc6 26. Rd5+
Ke7 27. Rd2 Rd6 28. Re2+ Re6 29. Rd2 Rd6 30. Re2+ 1/2-1/2

[Event "1st 4NCL Spring Bank Holiday Congress"]
[Site "Basingstoke"]
[Date "2018.05.27"]
[Round "5"]
[Board "14"]
[White "Slinger, AJ (Tony)"]
[Black "Jamroz, Viktor"]
[Result "1-0"]
[WhiteElo "1875"]
[BlackElo "1757"]
[PlyCount "99"]
[EventDate "2018.05.25"]
[EventRounds "7"]
[EventCountry "ENG"]

1. d4 Nf6 2. Nf3 g6 3. Bf4 Bg7 4. e3 d6 5. h3 O-O 6. Be2 Nbd7 7. O-O Qe8 8. c4
e5 9. Bh2 Ne4 10. Nc3 Nxc3 11. bxc3 Nb6 12. Re1 c5 13. Bf1 f5 14. a4 a5 15. Qb3
Ra6 16. Qa3 Qe7 17. Nd2 Bd7 18. Reb1 Rb8 19. dxc5 dxc5 20. Nb3 Nxa4 21. Rd1 Bc6
22. Rac1 Rba8 23. Rd2 e4 24. Rd6 Nxc3 25. Nxc5 Rb6 26. Rxc3 Bxc3 27. Qxc3 a4
28. Qd4 a3 29. Nd7 a2 30. Nxb6 a1=Q 31. Nxa8 Qxa8 32. Be5 Be8 33. c5 Qc8 34.
Bc4+ Bf7 35. Bf6 Qxd6 36. Bxf7+ Kxf7 37. Qxd6 Qe6 38. Qxe6+ Kxe6 39. Bd4 Kd5
40. Kf1 Kc4 41. Ke2 h5 42. h4 Kb4 43. f3 Kc4 44. fxe4 fxe4 45. Kf2 Kd3 46. g4
Kd2 47. gxh5 gxh5 48. Kg3 Ke2 49. Kf4 Kf2 50. Kg5 1-0

[Event "1st 4NCL Spring Bank Holiday Congress"]
[Site "Basingstoke"]
[Date "2018.05.27"]
[Round "5"]
[Board "15"]
[White "Somton, Anita"]
[Black "Gardiner, Eric D"]
[Result "1-0"]
[WhiteElo "1803"]
[BlackElo "1982"]
[PlyCount "97"]
[EventDate "2018.05.25"]
[EventRounds "7"]
[EventCountry "ENG"]

1. e4 d6 2. Nc3 Nf6 3. f4 Bg4 4. Nf3 c5 5. Bb5+ Nc6 6. Bxc6+ bxc6 7. O-O d5 8.
e5 Nd7 9. h3 Bxf3 10. Qxf3 e6 11. d3 Be7 12. Bd2 Qc7 13. a3 g6 14. Ne2 Rb8 15.
b3 f6 16. exf6 Bxf6 17. Rae1 O-O 18. Qg4 Rbe8 19. Ng3 Qd6 20. h4 Bg7 21. h5 Nf6
22. Qh3 Nxh5 23. Nxh5 gxh5 24. Qxh5 e5 25. f5 Qf6 26. Bg5 Qf7 27. Qg4 h5 28.
Qg3 Kh7 29. f6 Bh6 30. Bxh6 Kxh6 31. Rxe5 Rxe5 32. Qxe5 Re8 33. Qf4+ Kh7 34.
Qf5+ Kh6 35. Rf3 Re6 36. Kf2 Re8 37. Rg3 Rf8 38. Rf3 Rg8 39. Qf4+ Kh7 40. Re3
Re8 41. Rxe8 Qxe8 42. f7 Qf8 43. Qf6 c4 44. bxc4 dxc4 45. Qf5+ Kh6 46. Qf4+ Kh7
47. Qxc4 Qxa3 48. Qxc6 a5 49. Qc8 1-0

[Event "1st 4NCL Spring Bank Holiday Congress"]
[Site "Basingstoke"]
[Date "2018.05.28"]
[Round "6"]
[Board "1"]
[White "Cherupalli, Ramprasad"]
[Black "Jaufarally, Nadia"]
[Result "0-1"]
[WhiteElo "1827"]
[BlackElo "1853"]
[PlyCount "146"]
[EventDate "2018.05.25"]
[EventRounds "7"]
[EventCountry "ENG"]

1. d4 Nf6 2. Nf3 g6 3. Nbd2 Bg7 4. e4 d6 5. Bd3 O-O 6. O-O Nc6 7. c3 e5 8. h3
Nd7 9. Nb3 Kh8 10. Be3 {(=)} h6 11. Qd2 Kh7 12. Qc2 Ne7 13. Rad1 f5 14. exf5
Nxf5 15. Rfe1 Qe8 16. Bf4 Nxd4 17. Nfxd4 Rxf4 18. Nb5 Qd8 19. Bxg6+ Kh8 20. c4
a6 21. N5d4 Nf8 22. Ne2 Nxg6 23. Qxg6 Rxc4 24. Ng3 Qf6 25. Qe8+ Qf8 26. Qg6 Rf4
27. Re2 Qf7 28. Qc2 Be6 29. Re3 Rf8 30. Rd2 Rc4 31. Qd1 Rf4 32. Qc2 Bf5 33.
Nxf5 Qxf5 34. Rg3 Qxc2 35. Rxc2 R8f7 36. Na5 c6 37. Rg6 R4f6 38. Rg3 d5 39. Rb3
b5 40. Nxc6 Rc7 41. Nb4 Rxc2 42. Nxc2 Bf8 43. f3 Bc5+ 44. Kf1 d4 45. Ke2 Rg6
46. g4 h5 47. Kd3 hxg4 48. hxg4 Kg7 49. Ke4 Bd6 50. Rd3 Kf7 51. Ne1 Ke6 52. Rd2
Bb4 53. Re2 Bxe1 54. Rxe1 Rf6 55. Rf1 Rf4+ 56. Kd3 Kd5 57. Kd2 Rf6 58. g5 Rf5
59. Rg1 Rxf3 60. g6 Rf2+ 61. Ke1 Rf8 62. g7 Rg8 63. Ke2 Ke6 64. Rg6+ Kf7 65.
Rxa6 Rxg7 66. Kd3 Rg3+ 67. Kd2 Rg2+ 68. Kc1 e4 69. b3 d3 70. a4 bxa4 71. Rxa4
e3 72. Rf4+ Kg6 73. Rf3 Rg1+ 0-1

[Event "1st 4NCL Spring Bank Holiday Congress"]
[Site "Basingstoke"]
[Date "2018.05.28"]
[Round "6"]
[Board "2"]
[White "Nandi, Robin J"]
[Black "McDonnell, James J"]
[Result "0-1"]
[WhiteElo "1860"]
[BlackElo "1833"]
[PlyCount "88"]
[EventDate "2018.05.25"]
[EventRounds "7"]
[EventCountry "ENG"]

1. e4 c5 2. Nf3 Nc6 3. d4 cxd4 4. Nxd4 Nf6 5. Nc3 d6 6. Bg5 e6 7. Be2 Be7 8.
Qd2 O-O 9. O-O-O Nxd4 10. Qxd4 Qa5 11. f4 Rd8 12. e5 dxe5 13. Qxe5 Qb6 14. Bb5
Bd7 15. Bxd7 Nxd7 16. Rxd7 Rxd7 17. Bxe7 Rxe7 18. Nd5 Qd8 19. Nxe7+ Qxe7 20.
Re1 Rd8 21. Re3 Rd6 22. Rc3 Qd8 23. b3 g6 24. Kb2 h5 25. a4 b6 26. h3 Rd5 27.
Qc7 Qf6 28. Ka2 h4 29. Rc4 Rd1 30. Qe5 Qxe5 31. fxe5 Rd2 32. Kb2 Rxg2 33. Rxh4
Rg3 34. b4 Re3 35. c4 Rxe5 36. Rd4 Re2+ 37. Kc3 Re3+ 38. Kc2 Rxh3 39. c5 bxc5
40. bxc5 Kg7 41. c6 Rh8 42. c7 Rc8 43. Rc4 Kf6 44. Kd3 Ke5 0-1

[Event "1st 4NCL Spring Bank Holiday Congress"]
[Site "Basingstoke"]
[Date "2018.05.28"]
[Round "6"]
[Board "3"]
[White "Alizada, Eldar A"]
[Black "Gregory, Keith DF"]
[Result "1-0"]
[WhiteElo "1995"]
[BlackElo "1975"]
[PlyCount "55"]
[EventDate "2018.05.25"]
[EventRounds "7"]
[EventCountry "ENG"]

1. d4 d6 2. e4 Nf6 3. Nc3 Nbd7 4. Nf3 e5 5. Bc4 h6 6. O-O Be7 7. a4 c6 8. h3
Qc7 9. Qe2 Nf8 10. a5 Ng6 11. b4 O-O 12. b5 Bd7 13. Ba3 Rfe8 14. a6 Nf4 15. Qe3
bxa6 16. bxa6 Rab8 17. Rab1 Rxb1 18. Rxb1 Bc8 19. Na4 Ne6 20. dxe5 dxe5 21.
Bxe6 fxe6 22. Bxe7 Rxe7 23. Nc5 Nd7 24. Qc3 Nxc5 25. Qxc5 Bxa6 26. Nxe5 Kh7 27.
Ra1 Bc8 28. f4 1-0